00877nam a22001697a 450000500170000000800410001705000330005810000300009124501330012126000340025430000210028850000410030965001520035094200130050299900190051595201730053420260512101006.0260512b |||||||| |||| 00| 0 eng d aTHE SB 321 .K4 O53 2025bC.1 aOndari, Florence Bonareri aAnalysis of the Determinants of Production of Selected Indigenous Leafy Vegetables by Smallholder FArmers in Kisii County, Kenya aKisiibKisii Universityc2025 axvii, 146p.:ill. aIncludes bibliographical references  a1. Leafy vegetables - Kenya - Kisii County. 2. Indigenous crops - Kenya - Case studies. 3. Sustainable agriculture - Kenya - Indigenous vegetables. 2lcccREF c217107d217107 00102lcc406THE S B321 K4 O00053 02025708SC9377418aKSULbKSULd2026-05-12i113317l0oTHE SB 321 .K4 O53 2025pA002036r2026-05-12 10:11:33tC.1w2026-05-12yREF